Name all countries, but without the map - Statistics

General Stats
  • This quiz has been taken 34 times
  • The average score is 165 of 195
Answer Stats
Hint Answer % Correct
A Armenia
96%
A Afghanistan
92%
A Albania
92%
A Angola
92%
A Australia
92%
A Azerbaijan
92%
B Belgium
92%
B Benin
92%
B Bhutan
92%
B Bulgaria
92%
C Cuba
92%
F France
92%
G Guinea
92%
H Haiti
92%
I Indonesia
92%
L Liechtenstein
92%
L Lithuania
92%
N New Zealand
92%
N North Korea
92%
P Papua New Guinea
92%
P Portugal
92%
R Russia
92%
S South Korea
92%
S Spain
92%
A Antigua and Barbuda
88%
A Argentina
88%
B Barbados
88%
B Belize
88%
B Bosnia and Herzegovina
88%
B Botswana
88%
B Brazil
88%
B Brunei
88%
C Chile
88%
C China
88%
C Costa Rica
88%
D Democratic Republic of the Congo
88%
D Dominican Republic
88%
G Gabon
88%
G Ghana
88%
G Guinea-Bissau
88%
I Iran
88%
I Iraq
88%
I Ireland
88%
I Italy
88%
J Jamaica
88%
J Japan
88%
J Jordan
88%
K Kazakhstan
88%
L Laos
88%
L Latvia
88%
L Lesotho
88%
L Libya
88%
L Luxembourg
88%
N Namibia
88%
N Nepal
88%
N Netherlands
88%
N North Macedonia
88%
O Oman
88%
P Pakistan
88%
Q Qatar
88%
R Romania
88%
R Rwanda
88%
S Saint Kitts and Nevis
88%
S Saint Lucia
88%
S Saudi Arabia
88%
S Singapore
88%
S Somalia
88%
S South Sudan
88%
S Sudan
88%
T Tanzania
88%
T Togo
88%
T Tonga
88%
T Trinidad and Tobago
88%
T Turkey
88%
U Uganda
88%
U Ukraine
88%
U United Kingdom
88%
U United States
88%
U Uruguay
88%
V Vatican City
88%
V Venezuela
88%
V Vietnam
88%
Y Yemen
88%
Z Zambia
88%
Z Zimbabwe
88%
A Algeria
85%
A Andorra
85%
A Austria
85%
B Bahamas
85%
B Bahrain
85%
B Belarus
85%
B Bolivia
85%
B Burundi
85%
C Cameroon
85%
C Canada
85%
C Central African Republic
85%
C Colombia
85%
D Denmark
85%
D Djibouti
85%
D Dominica
85%
E Eritrea
85%
E Estonia
85%
E Eswatini
85%
E Ethiopia
85%
F Finland
85%
G Germany
85%
G Greece
85%
G Guatemala
85%
H Honduras
85%
H Hungary
85%
I Iceland
85%
I Israel
85%
K Kosovo
85%
M Malaysia
85%
M Mali
85%
M Mauritania
85%
M Mexico
85%
M Micronesia
85%
M Montenegro
85%
M Morocco
85%
N Nicaragua
85%
N Niger
85%
N Nigeria
85%
N Norway
85%
P Palau
85%
P Paraguay
85%
P Philippines
85%
P Poland
85%
S Samoa
85%
S San Marino
85%
S Serbia
85%
S Slovakia
85%
S South Africa
85%
S Sweden
85%
S Switzerland
85%
T Turkmenistan
85%
U United Arab Emirates
85%
B Bangladesh
81%
C Cambodia
81%
C Chad
81%
C Comoros
81%
C Congo
81%
C Croatia
81%
C Cyprus
81%
C Czech Republic
81%
E East Timor
81%
E Ecuador
81%
E Egypt
81%
E Equatorial Guinea
81%
F Fiji
81%
G Gambia
81%
G Grenada
81%
G Guyana
81%
I India
81%
I Ivory Coast
81%
K Kuwait
81%
L Lebanon
81%
L Liberia
81%
M Malawi
81%
M Mauritius
81%
M Monaco
81%
M Mongolia
81%
M Myanmar
81%
N Nauru
81%
P Panama
81%
S Saint Vincent
81%
S Senegal
81%
S Seychelles
81%
S Slovenia
81%
U Uzbekistan
81%
G Georgia
77%
K Kenya
77%
M Madagascar
77%
M Maldives
77%
M Marshall islands
77%
M Mozambique
77%
P Peru
77%
S Solomon Islands
77%
S Suriname
77%
T Tajikistan
77%
T Thailand
77%
V Vanuatu
77%
B Burkina faso
73%
K Kiribati
73%
M Malta
73%
M Moldova
73%
S São Tomé and Príncipe
73%
S Sierra Leone
73%
S Sri Lanka
73%
S Syria
73%
T Tuvalu
73%
T Tunisia
69%
E El Salvador
65%
C Cape Verde
62%
K Kyrgyzstan
62%
No matching quizzes found
Score Distribution
Percent of People with Each Score
Percentile by Number Answered
Your Score History
You have not taken this quiz